Manufacturing engineering and technology (Record no. 31438)

000 -LEADER
fixed length control field 00584nam a22002174a 4500
001 - CONTROL NUMBER
control field 31438
003 - CONTROL NUMBER IDENTIFIER
control field BD-DhUET
008 - FIXED-LENGTH DATA ELEMENTS--GENERAL INFORMATION
fixed length control field 000223s2001 njua b 001 0 eng
020 ## - INTERNATIONAL STANDARD BOOK NUMBER
International Standard Book Number 8178081571
040 ## - CATALOGING SOURCE
Original cataloging agency DLC
Transcribing agency DLC
Modifying agency BD-DhUET
082 ## - DEWEY DECIMAL CLASSIFICATION NUMBER
Item number KAL/2000
Classification number 670.42
100 ## - MAIN ENTRY--PERSONAL NAME
Personal name Kalpakjian, Serope
245 10 - TITLE STATEMENT
Title Manufacturing engineering and technology
250 ## - EDITION STATEMENT
Edition statement 4th ed.
260 ## - PUBLICATION, DISTRIBUTION, ETC. (IMPRINT)
Place of publication, distribution, etc. New Delhi
Name of publisher, distributor, etc. Addison Wesley Longman
Date of publication, distribution, etc. 2000
300 ## - PHYSICAL DESCRIPTION
Extent xx, 1148 p.
Other physical details ill.
504 ## - BIBLIOGRAPHY, ETC. NOTE
Bibliography, etc Includes bibliographies
650 #0 - SUBJECT ADDED ENTRY--TOPICAL TERM
Topical term or geographic name as entry element Production engineering
700 1# - ADDED ENTRY--PERSONAL NAME
Personal name Schmid, Steven R.
942 ## - ADDED ENTRY ELEMENTS (KOHA)
Koha item type General Book
Holdings
Withdrawn status Source of classification or shelving scheme Lost status Koha date last seen Koha full call number Location (home branch) Date acquired Price effective from Not for loan Sublocation or collection (holding branch) Piece designation (barcode) Damaged status Koha normalized classification for sorting Shelving location Copy number Koha item type
   2015-07-01670.42/KAL/2000Central Library, BUET2015-07-012015-07-01 Central Library, BUET95068 670_420000000000000_KAL_2000Reading section1Reading Item